| 000 | 00828nmm a2200313 a 4500 | ||
|---|---|---|---|
| 003 | AR-BaBNM | ||
| 005 | 20251128205614.0 | ||
| 008 | 298019s1996 ||||||||||||||000 | spa|| | ||
| 020 | _a950-04-0826-0 | ||
| 040 | _cAR-BaBNM | ||
| 100 | 1 | _aStassinopoulos Huffington, Arianna | |
| 245 | 1 | 0 |
_aPicasso _bcreador y destructor |
| 260 |
_aBuenos Aires _bEmecé _c1996 |
||
| 300 | 0 |
_a549 p. _bláms. |
|
| 500 | 0 | _aContiene referencias bibliográficas en p. 513 | |
| 500 | 0 | _aIndice onomástico en p. 543 | |
| 650 | 4 | _aBIOGRAFIAS | |
| 650 | 4 | _aCRITICA DE ARTE | |
| 650 | 4 | _aARTE DE VANGUARDIA | |
| 650 | 4 | _aPINTORES | |
| 650 | 4 | _aARTE EUROPEO | |
| 650 | 4 | _aESTILOS ARTISTICOS | |
| 650 | 4 | _aARTE | |
| 653 | 0 | _aCUBISMO | |
| 655 | _aBIOGRAFIAS | ||
| 700 | 1 |
_aAnsede, L. _etraductor |
|
| 942 | _cBK | ||
| 998 | _cMARTIN | ||
| 999 |
_c12099 _d12099 |
||